Coluche (notice n° 1662386)
[ vue normale ]
| 000 -LEADER | |
|---|---|
| fixed length control field | 01247cam a2200133 4500500 |
| 005 - DATE AND TIME OF LATEST TRANSACTION | |
| control field | 20260222000012.0 |
| 041 ## - LANGUAGE CODE | |
| Language code of text/sound track or separate title | fre |
| 042 ## - AUTHENTICATION CODE | |
| Authentication code | dc |
| 100 10 - MAIN ENTRY--PERSONAL NAME | |
| Personal name | Fabiani, Jean-Louis |
| Relator term | author |
| 245 00 - TITLE STATEMENT | |
| Title | Coluche |
| 260 ## - PUBLICATION, DISTRIBUTION, ETC. | |
| Name of publisher, distributor, etc. | La Découverte,<br/> |
| Date of publication, distribution, etc. | 2026.<br/> |
| 520 ## - SUMMARY, ETC. | |
| Summary, etc. | Malgré une carrière courte, brutalement interrompue par une mort accidentelle, Coluche (1944-1986) est resté présent dans la mémoire collective.Ce livre s'efforce de restituer le " moment Coluche ". Le comique apparaît dans une période de crise de l'autorité politique, syndicale, familiale. Il porte sur la société un regard décapant, notamment sur la publicité ou la télévision, sans pour autant dédaigner le succès commercial. Il s'attaque aussi au monde politique, en se risquant à une candidature, mi-parodique mi-sérieuse, à l'élection présidentielle.Cet ouvrage est construit sur un constant va-et-vient entre une analyse sociologique de la France du dernier quart du XXe siècle et une présentation de l'œuvre de Coluche, qui a décidé, au début des " années d'hiver ", de s'éloigner de l'humour pour l'action caritative et les Restaurants du Cœur. |
| 856 41 - ELECTRONIC LOCATION AND ACCESS | |
| Uniform Resource Identifier | <a href="https://shs.cairn.info/coluche--9782348090783?lang=fr&redirect-ssocas=7080">https://shs.cairn.info/coluche--9782348090783?lang=fr&redirect-ssocas=7080</a> |
Pas d'exemplaire disponible.




Réseaux sociaux